000 00235nam a2200097Ia 4500
008 240331s9999 xx 000 0 und d
082 _a300.72
_bGAN
100 _aGanesan, S.N
245 0 _aAiviyal koypatukalum ceyal muraikalum
942 _cL
999 _c1000
_d1000